Normal view
MARC view
Entry Personal Name
001 - CONTROL NUMBER
- control field: 5622
003 - CONTROL NUMBER IDENTIFIER
- control field: BD-RjUL
005 - DATE AND TIME OF LATEST TRANSACTION
- control field: 20221101110501.0
008 - FIXED-LENGTH DATA ELEMENTS
- fixed length control field: 221101|| aca||aabn | a|a d
040 ## - CATALOGING SOURCE
- Original cataloging agency: BD-RjUL
- Transcribing agency: BD-RjUL
100 ## - HEADING--PERSONAL NAME
- Personal name: Cooper, James Fenimore,
- Dates associated with a name: 1789-1851
670 ## - SOURCE DATA FOUND
- Source citation: Work cat.: (BD-RjUL)80676: Cooper, James Fenimore, 1789-1851., The last of the Mohicans /, 1906 [reprinted 1951]